| 000 | 00845cam a2200277 i 4500 | ||
|---|---|---|---|
| 001 | 17832506 | ||
| 005 | 20180312105005.0 | ||
| 008 | 130731s2014 maua b 001 0 eng | ||
| 010 | _a 2013431417 | ||
| 020 | _a9780321880345 (Student) | ||
| 020 | _a032188034X | ||
| 020 | _a9780321880413 (AIE) | ||
| 020 | _a0321880412 (AIE) | ||
| 040 |
_aDLC _beng _cDLC _erda _dDLC |
||
| 041 | _aeng | ||
| 042 | _apcc | ||
| 080 | _a428.40711 HER | ||
| 082 | 0 | 0 |
_a428.40711 HER _223 |
| 100 | 1 | _a25 | |
| 101 | _aEDU | ||
| 245 | 1 | 4 |
_aThe Master Reader : _cD.J. Henry, Daytona State College. |
| 504 | _aIncludes bibliographical references (pages 713-717, 719) and index. | ||
| 906 |
_a7 _bcbc _corigres _d2 _encip _f20 _gy-gencatlg |
||
| 942 |
_2ddc _cBK |
||
| 999 |
_c44803 _d44803 |
||